| 000 | 02247cam a22003737a 4500 | ||
|---|---|---|---|
| 001 | 1940 | ||
| 003 | FISKH | ||
| 005 | 20241122121654.0 | ||
| 008 | 061012s2007 nyua c 000 1 eng d | ||
| 010 | _a 2006936489 | ||
| 020 | _a9780545004978 | ||
| 020 | _a9780545004961 | ||
| 035 | _a(OCoLC)ocn123130602 | ||
| 040 |
_aOEM _cOEM _dBAKER _dGK8 _dSUC _dEHH _dBTCTA _dVP@ _dXY4 _dYDXCP _dNTE _dMNF _dPFO _dFMO _dCQU _dDLC _beng |
||
| 042 | _alccopycat | ||
| 050 | 0 | 0 |
_aPZ7.B1135 _bJac 2007 |
| 082 | 0 | 0 |
_a813.54 _223 |
| 100 | 1 | _aBabbitt, Natalie. | |
| 245 | 1 | 0 |
_aJack Plank tells tales / _cNatalie Babbitt. |
| 250 | _a1st edition | ||
| 260 |
_aNew York : _bScholastic, _c2007. |
||
| 300 |
_a128 pages : _billustrations ; _c20 cm |
||
| 505 | _aW | ||
| 520 | _aJack Plank started out to be a pirate. His shipmates all liked him, and their ship, the Avarice, was certainly very beautiful. But after a while it was clear that he wasn't much good at plundering. He just didn't have the knack for it. So what to do? Jack did the only thing he could do-- he went ashore to look for another line of work. The town was called Saltwash, and he had a lot of helpful advice from the people in Mrs. DelFresno's boardinghouse. Somehow, though, each career he looked into seemed to have something wrong with it. And every night at dinner in the boardinghouse, he tried to explain why. For who would want to work where there might be a troll, or the danger of getting a crab caught in your beard? Or what about a music-loving crocodile? There were other things, too, that ran against every suggestion and took the wind out of his sails. At last, Jack decided he wouldn't be good at anything onshore and would have to go back to sea, pirate or not. But sometimes, as you probably know already, things work out very nicely when you least expect it. | ||
| 521 | 8 |
_a860
_bLexile |
|
| 521 | 8 |
_aW
_bRaz-Plus |
|
| 650 | 0 |
_aPirates _vJuvenile fiction. |
|
| 650 | 0 |
_aStorytelling _vJuvenile fiction. |
|
| 650 | 1 |
_aPirates _vFiction. |
|
| 650 | 1 |
_aStorytelling _vFiction. |
|
| 906 |
_a7 _bcbc _ccopycat _d2 _eepcn _f20 _gy-gencatlg |
||
| 942 |
_2ddc _cBK _n0 |
||
| 999 |
_c1940 _d1940 |
||